| 000 | 00938nam a22002297a 4500 | ||
|---|---|---|---|
| 999 |
_c57158 _d57158 |
||
| 005 | 20240402165531.0 | ||
| 008 | 191206s2015 tu ||||| |||| 00| 0 tur d | ||
| 020 | _a9786058701021x | ||
| 041 | _atur | ||
| 080 | _a811.512.16 Y- 40 | ||
| 245 |
_aYedi İklim turkce : _bC2. Ders Kitabı / _cİbrahim Gültekin, Mahir Kalfa, Filiz Mete,Aydan Eryiğit,Uğur Kılıç. |
||
| 264 |
_aAnkara : _bYunus emre enstitusu, _c2015. |
||
| 300 |
_a185 p .: _bill.: +1CD ; _c29 cm. |
||
| 653 | _aთურქული ენა | ||
| 653 | _aსახელმძღვანელო და სავარჯიშო რვეული | ||
| 700 |
_aGültekin, İbrahim _eავტორი _921675 |
||
| 700 |
_aKalfa, Mahir _eავტორი _921685 |
||
| 700 |
_aMete, Filiz _eავტორი _921687 |
||
| 700 |
_aEryiğit, Aydan _eავტორი _921688 |
||
| 700 |
_aKılıç, Uğur _eავტორი _921689 |
||
| 942 |
_2udc _cBK |
||